Metódy skúmania štruktúry a vlastností materiálov- Termická analýza /

Gespeichert in:
Bibliographische Detailangaben
Hauptverfasser: Drienovský, Marián, 1983- (Verfasst von), Krajčovič, Jozef, 1960- (Verfasst von), Palcut, Marián, 1981- (Verfasst von)
Weitere Verfasser: Štubňa, Igor (Rezension), Kusý, Martin, 1975- (Rezension)
Format: Buch
Sprache:Slowakisch
Veröffentlicht: Trnava : AlumniPress, 2017
Ausgabe:1. vyd.
Schlagworte:
Tags: Tag hinzufügen
Keine Tags, Fügen Sie das erste Tag hinzu!

MARC

LEADER 00000nam a22000003a 4500
001 0028676
003 SK-STU
005 20230605115400.0
007 ta
008 171208s ----xo-----e------000-0-----d
020 |a 978-80-8096-250-0 
040 |a STU  |b slo 
041 0 |a slo  |b slo 
044 |a xo 
100 1 |a Drienovský, Marián,  |d 1983-  |u 061000  |4 aut  |9 40  |r Z2  |U MTF Materiálovotechnologická fakulta  |T MTF Ústav materiálov  |X 34542  |U M1000  |Y 81  |7 A000034542 
242 0 1 |a Methods in Research of Material Structure and Properties -Thermal Analysis 
245 1 0 |a Metódy skúmania štruktúry a vlastností materiálov- Termická analýza /  |c aut. Marián Drienovský, Jozef Krajčovič, Marián Palcut ; rec. Igor Štubňa, Martin Kusý 
250 |a 1. vyd. 
260 |a Trnava :  |b AlumniPress,  |c 2017 
300 |a 74 s.  |9 5,22 
500 |a E-skriptá 
500 |a rozsah AH 5,22 
650 4 |a kalorimetria 
650 4 |a diferenčná termická analýza 
650 4 |a termická analýza 
650 4 |a kalibrácia 
700 1 |a Krajčovič, Jozef,  |d 1960-  |u 061000  |r Z1  |4 aut  |9 40  |U MTF Materiálovotechnologická fakulta  |T MTF Ústav materiálov  |X 2757  |U M1000  |Y 81  |7 A000002757 
700 1 |a Palcut, Marián,  |d 1981-  |u 061000  |r Z2  |4 aut  |9 20  |U MTF Materiálovotechnologická fakulta  |T MTF Ústav materiálov  |X 51626  |U M1000  |Y 81  |7 A000051626 
700 1 |a Štubňa, Igor  |4 rev 
700 1 |a Kusý, Martin,  |d 1975-  |u 061000  |r Z1  |4 rev  |U MTF Materiálovotechnologická fakulta  |T MTF Ústav materiálov  |X 2764  |U M1000  |Y 81  |7 A000002764 
996 |b 284M087605  |c M* S-1689-1  |l MMST  |s A  |a 24  |w 0028676_0001 
996 |c M* DigP-374  |l M  |s P  |a 0  |w 0028676_0002